00269nam a22000977a 4500008004100000082001500041100000900056245007300065260002500138300000800163230620b xxu||||| |||| 00| 0 eng d a324.6bSAD cSADC aSADC PARLIAMENTARY FORUMbElection Observation Mission Zimbabwe 2000 aZimbabwebSADCc2000 a56P